[Event "Gibraltar Challengers B"]
[Site "Gibraltar"]
[Date "2019.01.27"]
[Round "2.26"]
[White "Jordan Martinez, David"]
[Black "Garcia Rodriguez, Inaki"]
[Result "1-0"]
[WhiteElo "2125"]
[BlackElo "1931"]
[PlyCount "35"]
[EventDate "2019.01.26"]
[EventType "swiss"]
[EventRounds "5"]
[EventCountry "GGB"]

1. e4 e5 2. Nf3 Nf6 3. d4 Nxe4 4. Bd3 d5 5. Nxe5 Bd6 6. O-O O-O 7. c4 c6 8.
cxd5 cxd5 9. Nc3 Nxc3 10. bxc3 Bxe5 11. dxe5 Qc7 12. Re1 Re8 13. Qh5 g6 14. Qh6
Nd7 15. Bg5 Rxe5 16. f4 Rxe1+ 17. Rxe1 Nf8 18. Qxf8+ 1-0

[Event "Gibraltar Challengers B"]
[Site "Gibraltar"]
[Date "2019.01.27"]
[Round "2.27"]
[White "Lutz, Juergen"]
[Black "Schouten, Freek"]
[Result "0-1"]
[WhiteElo "1960"]
[BlackElo "2087"]
[PlyCount "52"]
[EventDate "2019.01.26"]
[EventType "swiss"]
[EventRounds "5"]
[EventCountry "GGB"]

1. e4 g6 2. d4 Bg7 3. Nc3 d6 4. Bc4 Nf6 5. Qe2 O-O 6. e5 Nfd7 7. e6 Nb6 8.
exf7+ Kh8 9. h4 Nxc4 10. h5 Bf5 11. g4 Nc6 12. gxf5 gxf5 13. Qxc4 Nxd4 14. Bh6
Bxh6 15. Qxd4+ e5 16. Qd5 Qe7 17. Qxb7 Rab8 18. Qxa7 Rxb2 19. Nge2 Qxf7 20. Qa4
Rfb8 21. a3 d5 22. Qc6 R2b6 23. Qxd5 Qxd5 24. Nxd5 Rb1+ 25. Nc1 Rxa1 26. Ke2
Rxc1 0-1

[Event "Gibraltar Challengers B"]
[Site "Gibraltar"]
[Date "2019.01.27"]
[Round "2.28"]
[White "James, Kevin"]
[Black "Suez-Panama, Gilles"]
[Result "1-0"]
[WhiteElo "1948"]
[BlackElo "2078"]
[PlyCount "77"]
[EventDate "2019.01.26"]
[EventType "swiss"]
[EventRounds "5"]
[EventCountry "GGB"]

1. d4 Nf6 2. c4 g6 3. Nc3 Bg7 4. e4 d6 5. f4 O-O 6. Nf3 Na6 7. Be2 e5 8. fxe5
dxe5 9. Nxe5 c5 10. Be3 cxd4 11. Bxd4 Qa5 12. Nf3 Bg4 13. O-O Rad8 14. Nd5 Nxd5
15. exd5 Bxd4+ 16. Qxd4 Bxf3 17. Rxf3 Qc5 18. Qxc5 Nxc5 19. b4 Ne4 20. Rd1 b6
21. Rd4 f5 22. Bd1 Rfe8 23. Re3 Kf7 24. Bf3 Ng5 25. Rxe8 Nxf3+ 26. gxf3 Kxe8
27. Kf2 Rc8 28. Ke3 g5 29. Kd3 Kd7 30. Kc3 Kd6 31. Rd3 f4 32. Kd4 Rc7 33. Rc3
h5 34. c5+ bxc5+ 35. bxc5+ Kd7 36. Ke5 Rc8 37. c6+ Ke7 38. d6+ Ke8 39. d7+ 1-0

[Event "Gibraltar Challengers B"]
[Site "Gibraltar"]
[Date "2019.01.27"]
[Round "2.29"]
[White "Ungureanu, Sandu"]
[Black "Obiamiwe, Paul"]
[Result "1/2-1/2"]
[WhiteElo "2057"]
[BlackElo "1903"]
[PlyCount "70"]
[EventDate "2019.01.26"]
[EventType "swiss"]
[EventRounds "5"]
[EventCountry "GGB"]

1. d4 Nf6 2. c4 g6 3. Nc3 Bg7 4. e4 d6 5. f4 O-O 6. Nf3 c5 7. d5 e6 8. Be2 exd5
9. exd5 Re8 10. O-O Bf5 11. Bd3 Ne4 12. Nxe4 Bxe4 13. Re1 Bxf3 14. Rxe8+ Qxe8
15. Qxf3 Qe1+ 16. Qf1 Bd4+ 17. Kh1 Qxf1+ 18. Bxf1 Nd7 19. Rb1 Re8 20. Bd2 Nf6
21. g3 Ne4 22. Be1 Nf2+ 23. Kg2 Ng4 24. Bd2 Ne3+ 25. Kf3 Nxf1 26. Rxf1 f5 27.
b3 Kf7 28. h3 h5 29. Re1 Rxe1 30. Bxe1 Kf6 31. b4 Ke7 32. b5 Bf6 33. a4 Kd7 34.
g4 Kc7 35. gxh5 gxh5 1/2-1/2

[Event "Gibraltar Challengers B"]
[Site "Gibraltar"]
[Date "2019.01.27"]
[Round "2.30"]
[White "Gillis Onieva, Celia"]
[Black "Cao Armillas, Jesus"]
[Result "0-1"]
[WhiteElo "1930"]
[BlackElo "2048"]
[PlyCount "72"]
[EventDate "2019.01.26"]
[EventType "swiss"]
[EventRounds "5"]
[EventCountry "GGB"]

1. d4 Nf6 2. c4 g6 3. Nc3 d5 4. cxd5 Nxd5 5. e4 Nxc3 6. bxc3 Bg7 7. Nf3 O-O 8.
Be2 c5 9. Rb1 b6 10. O-O Bb7 11. Qd3 cxd4 12. cxd4 Qd7 13. Bb2 e6 14. Rfd1 Rd8
15. Rbc1 Nc6 16. d5 Bxb2 17. dxc6 Qxd3 18. Bxd3 Bxc1 19. cxb7 Rab8 20. Ne5 Rxb7
21. Rxc1 b5 22. Bf1 Rd2 23. Ng4 f5 24. exf5 exf5 25. Nf6+ Kf7 26. Nxh7 Rxa2 27.
Rb1 Kg7 28. Ng5 b4 29. h4 a5 30. Bc4 Rc2 31. Bb3 Rc3 32. Ne6+ Kh6 33. Rd1 Rxb3
34. Nc5 Rc3 35. Nxb7 a4 36. Rd8 b3 0-1

[Event "Gibraltar Challengers B"]
[Site "Gibraltar"]
[Date "2019.01.27"]
[Round "2.31"]
[White "Kozarcanin, Sead"]
[Black "Pereira Lopez, Aketza"]
[Result "1-0"]
[WhiteElo "2048"]
[BlackElo "1861"]
[PlyCount "51"]
[EventDate "2019.01.26"]
[EventType "swiss"]
[EventRounds "5"]
[EventCountry "GGB"]

1. b3 e5 2. Bb2 Nc6 3. e3 d5 4. Bb5 Bd6 5. f4 f6 6. Ne2 Nge7 7. O-O O-O 8. c4
a6 9. Bxc6 bxc6 10. c5 Bxc5 11. fxe5 fxe5 12. Bxe5 Rxf1+ 13. Qxf1 Nf5 14. Qf4
Qe7 15. Ng3 Nxg3 16. Qxg3 Bd6 17. Bxd6 cxd6 18. Nc3 Bf5 19. Rf1 g6 20. Rxf5 Kh8
21. Qg5 Qg7 22. Rf4 h6 23. Qf6 g5 24. Rf2 Re8 25. Qxd6 Kh7 26. Qxc6 1-0

[Event "Gibraltar Challengers B"]
[Site "Gibraltar"]
[Date "2019.01.27"]
[Round "2.32"]
[White "Dasaolu, Rotimi"]
[Black "Teh, Wee Zhun"]
[Result "0-1"]
[WhiteElo "2038"]
[BlackElo "1818"]
[PlyCount "98"]
[EventDate "2019.01.26"]
[EventType "swiss"]
[EventRounds "5"]
[EventCountry "GGB"]

1. Nf3 d5 2. c4 c6 3. Qc2 Nf6 4. d4 dxc4 5. a4 Na6 6. Nbd2 Nb4 7. Qxc4 a5 8. e4
Bg4 9. Bd3 Nxd3+ 10. Qxd3 e6 11. O-O Bxf3 12. Nxf3 Be7 13. Rd1 O-O 14. h3 h6
15. Bf4 Re8 16. Qc2 Qb6 17. Rac1 Rad8 18. Be3 Qa6 19. Ne5 Bb4 20. g4 Nd7 21. f4
Nxe5 22. dxe5 Rxd1+ 23. Rxd1 b5 24. Qd3 Qb7 25. b3 bxa4 26. bxa4 c5 27. Qc4 Qc6
28. Kg2 Qxa4 29. Rd6 Qa3 30. Rd3 Qb2+ 31. Kf3 Qb1 32. Rd7 Qh1+ 33. Ke2 Qg2+ 34.
Bf2 Qxh3 35. f5 Qxg4+ 36. Kf1 Qh3+ 37. Ke2 Rf8 38. f6 Qh5+ 39. Kf1 Qxe5 40.
fxg7 Kxg7 41. Rd3 Kh7 42. Rh3 Qa1+ 43. Ke2 Qb2+ 44. Kf1 Qb1+ 45. Ke2 Rg8 46.
Be3 Rg2+ 47. Kf3 Rg6 48. Qe2 f5 49. Bf4 Qb3+ 0-1

[Event "Gibraltar Challengers B"]
[Site "Gibraltar"]
[Date "2019.01.27"]
[Round "2.33"]
[White "Nandi, Robin J"]
[Black "Kukic, Boris"]
[Result "0-1"]
[WhiteElo "1903"]
[BlackElo "2035"]
[PlyCount "62"]
[EventDate "2019.01.26"]
[EventType "swiss"]
[EventRounds "5"]
[EventCountry "GGB"]

1. d4 d6 2. e4 Nf6 3. Nc3 Nc6 4. Be3 Ng4 5. Bg5 h6 6. Bh4 Nf6 7. Qd2 a6 8.
O-O-O e6 9. f4 Be7 10. Nf3 d5 11. e5 Nd7 12. Bxe7 Qxe7 13. Bd3 Nb6 14. g4 Bd7
15. f5 O-O-O 16. Qf4 Kb8 17. h4 Nb4 18. Rhg1 Nxd3+ 19. Rxd3 Nc4 20. a3 g6 21.
f6 Qf8 22. h5 g5 23. Nxg5 hxg5 24. Qxg5 c5 25. Qf4 cxd4 26. Nxd5 Qc5 27. Ne7
Ba4 28. b4 Qc7 29. Rxd4 Nxe5 30. Rxd8+ Rxd8 31. Qe4 Qc3 0-1

[Event "Gibraltar Challengers B"]
[Site "Gibraltar"]
[Date "2019.01.27"]
[Round "2.34"]
[White "Cramling Bellon, Anna"]
[Black "Livesey, R Nigel"]
[Result "1-0"]
[WhiteElo "2025"]
[BlackElo "1797"]
[PlyCount "89"]
[EventDate "2019.01.26"]
[EventType "swiss"]
[EventRounds "5"]
[EventCountry "GGB"]

1. d4 e6 2. c4 f5 3. Nf3 Nf6 4. g3 d5 5. Bg2 c6 6. Qc2 Bd6 7. O-O O-O 8. b3 Qe7
9. Nc3 Bd7 10. Bg5 h6 11. Bf4 Bxf4 12. gxf4 Ne4 13. Ne5 Be8 14. Nxe4 fxe4 15.
e3 Bh5 16. f3 exf3 17. Bxf3 Bxf3 18. Rxf3 Qe8 19. Rg3 Nd7 20. Qg2 Nxe5 21.
Rxg7+ Kh8 22. fxe5 Rg8 23. Rxg8+ Qxg8 24. Qxg8+ Rxg8+ 25. Kf2 Rf8+ 26. Ke2 Rg8
27. Rf1 Rg2+ 28. Rf2 Rg1 29. cxd5 cxd5 30. Rf6 Rg2+ 31. Kf3 Rxh2 32. Rxe6 Rxa2
33. Rxh6+ Kg7 34. Rd6 Ra5 35. Rd7+ Kf8 36. Rxb7 Ke8 37. e4 dxe4+ 38. Kxe4 Ra1
39. d5 Re1+ 40. Kf5 Rh1 41. d6 Rh5+ 42. Ke6 Rh6+ 43. Kd5 Rh1 44. Rxa7 Rb1 45.
Ke6 1-0

[Event "Gibraltar Challengers B"]
[Site "Gibraltar"]
[Date "2019.01.27"]
[Round "2.35"]
[White "Kakulidis, Ellen"]
[Black "Diaz Mino, Daniel"]
[Result "1-0"]
[WhiteElo "2021"]
[BlackElo "1769"]
[PlyCount "69"]
[EventDate "2019.01.26"]
[EventType "swiss"]
[EventRounds "5"]
[EventCountry "GGB"]

1. d4 Nf6 2. g3 g6 3. Bg2 Bg7 4. e4 d6 5. Nc3 O-O 6. Nge2 Nbd7 7. h3 c5 8. Be3
c4 9. O-O Rb8 10. a4 b6 11. Qd2 Re8 12. g4 h5 13. g5 Nh7 14. f4 e6 15. Nb5 Bf8
16. Nxa7 Bb7 17. Nb5 d5 18. Nec3 Bb4 19. Qf2 dxe4 20. Nxe4 Ba6 21. c3 Bxb5 22.
axb5 Be7 23. Nd2 f6 24. h4 Rf8 25. Qe2 fxg5 26. fxg5 Rc8 27. Bf4 e5 28. Bd5+
Kh8 29. Bxe5+ Nxe5 30. Qxe5+ Nf6 31. gxf6 Bxf6 32. Rxf6 Qxf6 33. Nxc4 Qxe5 34.
Nxe5 Kg7 35. Ra7+ 1-0

[Event "Gibraltar Challengers B"]
[Site "Gibraltar"]
[Date "2019.01.27"]
[Round "2.36"]
[White "Tkadlecek, Petr"]
[Black "Herzwurm, Robert"]
[Result "1/2-1/2"]
[WhiteElo "1719"]
[BlackElo "2021"]
[PlyCount "46"]
[EventDate "2019.01.26"]
[EventType "swiss"]
[EventRounds "5"]
[EventCountry "GGB"]

1. d4 Nf6 2. Nf3 g6 3. Bf4 Bg7 4. e3 O-O 5. Bd3 d5 6. O-O c5 7. c3 Nc6 8. h3
Nd7 9. Bc2 e5 10. dxe5 Ndxe5 11. Nxe5 Nxe5 12. Nd2 Be6 13. a4 Qd7 14. Qe2 Rfd8
15. Rfd1 Rac8 16. Bg5 Re8 17. Ne4 Bf5 18. Nf6+ Bxf6 19. Bxf6 Bxc2 20. Qxc2 Qe6
21. Bxe5 Qxe5 22. Qb3 Red8 23. Qxb7 Rb8 1/2-1/2

[Event "Gibraltar Challengers B"]
[Site "Gibraltar"]
[Date "2019.01.28"]
[Round "3.1"]
[White "Verneuil, Pascal"]
[Black "Meszaros, Andras"]
[Result "0-1"]
[WhiteElo "2114"]
[BlackElo "2226"]
[PlyCount "110"]
[EventDate "2019.01.26"]
[EventType "swiss"]
[EventRounds "5"]
[EventCountry "GGB"]

1. e4 e6 2. d4 d5 3. Bd3 dxe4 4. Bxe4 Nf6 5. Bf3 c5 6. Ne2 Nc6 7. c3 Be7 8. O-O
O-O 9. Be3 cxd4 10. Nxd4 Nd5 11. Nxc6 bxc6 12. Qc1 Qc7 13. Bg5 f6 14. Bh4 e5
15. c4 Nf4 16. Bg3 Ne6 17. Nc3 Nd4 18. Bd1 a5 19. f4 Nf5 20. Bb3 a4 21. Bc2
Nxg3 22. hxg3 Bc5+ 23. Kh2 a3 24. f5 axb2 25. Qxb2 Bd4 26. Bb3 g6 27. c5+ Kh8
28. Rad1 Bxf5 29. Rxd4 exd4 30. Ne2 Rad8 31. Qd2 Qe5 32. Rf4 d3 33. Ng1 Qxc5
34. Nf3 Kg7 35. Rc4 Qd6 36. Nd4 Be4 37. Ra4 Bd5 38. Qxd3 Bxb3 39. Qxb3 Rfe8 40.
Qb7+ Rd7 41. Qxc6 Qxc6 42. Nxc6 Re2 43. Rd4 Rxd4 44. Nxd4 Rxa2 45. Ne6+ Kf7 46.
Nf4 g5 47. Nh3 h5 48. Kh1 Ra1+ 49. Kh2 Rf1 50. Ng1 Ke6 51. Ne2 Kd5 52. Ng1 Ke4
53. Nf3 Rxf3 54. gxf3+ Kxf3 55. Kh3 Kf2 0-1

[Event "Gibraltar Challengers B"]
[Site "Gibraltar"]
[Date "2019.01.28"]
[Round "3.2"]
[White "Diaz Mino, Pablo"]
[Black "Orndahl, Markus"]
[Result "1/2-1/2"]
[WhiteElo "2085"]
[BlackElo "2173"]
[PlyCount "109"]
[EventDate "2019.01.26"]
[EventType "swiss"]
[EventRounds "5"]
[EventCountry "GGB"]

1. d4 d5 2. c4 c6 3. Nf3 Nf6 4. e3 g6 5. Nbd2 Bg7 6. Be2 O-O 7. O-O Nbd7 8. b3
b6 9. Bb2 Bb7 10. Qc2 Rc8 11. e4 dxe4 12. Nxe4 Qc7 13. Ng3 Rfe8 14. Rad1 e6 15.
Rd2 c5 16. dxc5 bxc5 17. Rfd1 e5 18. Ng5 Bh6 19. h4 Re7 20. Qc3 Nb8 21. Bf3 Nc6
22. Bxc6 Qxc6 23. f3 Qc7 24. Qe3 Ne8 25. Qc3 f6 26. N5e4 Bxd2 27. Qxd2 f5 28.
Nc3 e4 29. Nd5 Bxd5 30. Qxd5+ Rf7 31. Be5 Qb7 32. fxe4 fxe4 33. Nxe4 Qxd5 34.
Rxd5 Re7 35. Nxc5 Nc7 36. Bxc7 Rcxc7 37. b4 Re1+ 38. Kh2 Rc1 39. Rd8+ Kf7 40.
Rh8 Kf6 41. Rf8+ Ke7 42. Rf4 Rc2 43. Re4+ Kf6 44. Rf4+ Ke7 45. Re4+ Kf7 46.
Rf4+ Ke8 47. a3 Rf7 48. Rg4 Rf1 49. Re4+ Kf7 50. Nb7 Rcc1 51. Nd6+ Kf6 52. Ne8+
Kf7 53. Nd6+ Kf6 54. Ne8+ Kf7 55. Nd6+ 1/2-1/2

[Event "Gibraltar Challengers B"]
[Site "Gibraltar"]
[Date "2019.01.28"]
[Round "3.3"]
[White "Jordan Martinez, Miguel"]
[Black "Weeramantry, Sunil"]
[Result "1-0"]
[WhiteElo "2142"]
[BlackElo "2007"]
[PlyCount "113"]
[EventDate "2019.01.26"]
[EventType "swiss"]
[EventRounds "5"]
[EventCountry "GGB"]

1. e4 d6 2. d4 g6 3. Nc3 Bg7 4. Be3 c6 5. Qd2 Nd7 6. O-O-O b5 7. Kb1 Qa5 8. f3
Nb6 9. Bd3 Rb8 10. g4 Be6 11. b3 Nc4 12. Bxc4 bxc4 13. Kb2 Nf6 14. Nge2 Nd7 15.
Nf4 Nb6 16. Nxe6 fxe6 17. Ka1 O-O 18. f4 c5 19. Ne2 Qa3 20. Rb1 Qa6 21. Rb2
Rfc8 22. Kb1 cxd4 23. Bxd4 Bxd4 24. Qxd4 Qa5 25. c3 cxb3 26. axb3 Qa3 27. Qd2
Rc6 28. Nd4 Nc4 29. bxc4 Rxb2+ 30. Qxb2 Rb6 31. Nb5 Qc5 32. Qb4 Qe3 33. Ka2 a6
34. Rb1 axb5 35. cxb5 Qxf4 36. Qd4 Rb8 37. b6 Ra8+ 38. Kb3 Qxh2 39. Rb2 Qf4 40.
Qc4 d5 41. Qc6 Rb8 42. Qxe6+ Kf8 43. exd5 Ra8 44. Qc6 Rb8 45. b7 Kg7 46. Qd7
Qe5 47. Ra2 Qd6 48. Qxd6 exd6 49. Ra7 Kf6 50. Kb4 Ke5 51. c4 h5 52. gxh5 gxh5
53. Kb5 h4 54. Kc6 h3 55. Ra3 Rh8 56. Rxh3 Rxh3 57. b8=Q 1-0

[Event "Gibraltar Challengers B"]
[Site "Gibraltar"]
[Date "2019.01.28"]
[Round "3.4"]
[White "Spacapan, Simon"]
[Black "Ramasindraibe, Girard"]
[Result "0-1"]
[WhiteElo "2061"]
[BlackElo "2129"]
[PlyCount "92"]
[EventDate "2019.01.26"]
[EventType "swiss"]
[EventRounds "5"]
[EventCountry "GGB"]

1. e4 c5 2. Nf3 d6 3. d4 cxd4 4. Nxd4 Nf6 5. Nc3 a6 6. h3 e6 7. g4 Be7 8. g5
Nfd7 9. Bg2 Nc6 10. h4 O-O 11. Be3 Nde5 12. Qe2 Nxd4 13. Bxd4 b5 14. b3 Bd7 15.
O-O-O Nc6 16. Be3 Qa5 17. Kb2 Rac8 18. Rd2 Rc7 19. Nb1 Rfc8 20. Rc1 b4 21. f4
Na7 22. Qf2 Rc5 23. Bxc5 Rxc5 24. c4 Qc7 25. Rcd1 Be8 26. f5 Nc6 27. Bh3 Nd8
28. Rd3 a5 29. Nd2 a4 30. Nf3 Qa5 31. Ra1 Rc7 32. Rad1 Ra7 33. Kc1 axb3 34.
axb3 f6 35. Qb2 Bh5 36. Rg1 fxg5 37. hxg5 Bxf3 38. Rxf3 Qa1+ 39. Qb1 Qd4 40.
Rd1 Bxg5+ 41. Kc2 Qxe4+ 42. Rfd3 Nc6 43. Re1 Nd4+ 44. Kb2 Ne2 45. Kc2 Bh4 46.
Red1 Nc3 0-1

[Event "Gibraltar Challengers B"]
[Site "Gibraltar"]
[Date "2019.01.28"]
[Round "3.5"]
[White "Berrocal Ruiz, Valentin"]
[Black "Maldonado Mena, German"]
[Result "1-0"]
[WhiteElo "2127"]
[BlackElo "1808"]
[PlyCount "61"]
[EventDate "2019.01.26"]
[EventType "swiss"]
[EventRounds "5"]
[EventCountry "GGB"]

1. e4 e5 2. Nf3 Nc6 3. Nc3 Nf6 4. Bb5 Bb4 5. O-O O-O 6. d3 d6 7. Bg5 Ne7 8. Nh4
c6 9. Bc4 d5 10. Bb3 Bg4 11. f3 Bc5+ 12. Kh1 Be6 13. Qe1 h6 14. Bxf6 gxf6 15.
f4 exf4 16. Rxf4 d4 17. Ne2 Bxb3 18. axb3 Ng6 19. Nf5 Re8 20. Rf3 Bf8 21. Rh3
c5 22. Qd2 Re5 23. Nxh6+ Bxh6 24. Qxh6 Rg5 25. Nf4 a6 26. Rf1 Rb8 27. e5 f5 28.
Nxg6 fxg6 29. e6 Qf6 30. Qh7+ Kf8 31. e7+ 1-0

[Event "Gibraltar Challengers B"]
[Site "Gibraltar"]
[Date "2019.01.28"]
[Round "3.6"]
[White "Villar Reymundo, Juan Antonio"]
[Black "Bub, Volker"]
[Result "0-1"]
[WhiteElo "2237"]
[BlackElo "2108"]
[PlyCount "104"]
[EventDate "2019.01.26"]
[EventType "swiss"]
[EventRounds "5"]
[EventCountry "GGB"]

1. d4 Nf6 2. Nf3 g6 3. g3 Bg7 4. Bg2 O-O 5. O-O d6 6. b3 Nbd7 7. Bb2 e5 8. dxe5
Ng4 9. c4 Rb8 10. Nc3 Ngxe5 11. Qd2 a6 12. Nd4 Nc5 13. h3 Ne6 14. e3 Bd7 15.
Rac1 f5 16. Nd5 Nc5 17. Ba3 Ne4 18. Qc2 c5 19. Ne2 b5 20. f3 Nf6 21. f4 Nf7 22.
Rcd1 Re8 23. Bc1 bxc4 24. bxc4 Qa5 25. Nec3 Be6 26. Rd3 Ne4 27. Nxe4 fxe4 28.
Ra3 Qd8 29. Bxe4 Bxh3 30. Rf2 Qc8 31. Bf3 Nh6 32. Rb3 Rxb3 33. axb3 Bf5 34. e4
Be6 35. Bb2 Bxd5 36. cxd5 Qh3 37. Rg2 Ng4 38. Bxg7 Kxg7 39. Qd3 a5 40. Qc3+ Kg8
41. Qd2 Rb8 42. Qe2 h5 43. Qc4 Rb4 44. Qc3 a4 45. Bxg4 Qxg4 46. bxa4 Rb1+ 47.
Kh2 Qd1 48. g4 Qh1+ 49. Kg3 h4+ 50. Kf3 Rf1+ 51. Ke3 Qxg2 52. Qf6 Rf3# 0-1

[Event "Gibraltar Challengers B"]
[Site "Gibraltar"]
[Date "2019.01.28"]
[Round "3.7"]
[White "Abdulraheem, Abdulrahman Akintoy"]
[Black "Severijnen, Arjon"]
[Result "0-1"]
[WhiteElo "2224"]
[BlackElo "2120"]
[PlyCount "80"]
[EventDate "2019.01.26"]
[EventType "swiss"]
[EventRounds "5"]
[EventCountry "GGB"]

1. b3 e5 2. Bb2 Nc6 3. e3 Nf6 4. Bb5 Qe7 5. Ne2 a6 6. Bxc6 bxc6 7. d4 e4 8. c4
g6 9. Nbc3 Bg7 10. h3 O-O 11. Qc2 d6 12. Ng3 Re8 13. O-O h5 14. f3 exf3 15.
Rxf3 h4 16. Nf1 Bf5 17. Qf2 Ne4 18. Qe1 Qg5 19. Rd1 Re7 20. Ne2 Rae8 21. Qa5 c5
22. Nf4 cxd4 23. exd4 Ng3 24. Nxg3 hxg3 25. Rff1 Re4 26. Bc1 Qh4 27. Qxc7 Bxd4+
28. Rxd4 Rxd4 29. Qc6 Ree4 30. Nd5 Re2 31. Nc3 Re5 32. Qf3 Rd3 33. Qa8+ Kg7 34.
Nd5 Qd4+ 35. Kh1 Qh4 36. Qa7 Re2 37. Nf4 Rf2 38. Rg1 Rxf4 39. Bb2+ Rfd4 40. Rf1
Qe4 0-1

[Event "Gibraltar Challengers B"]
[Site "Gibraltar"]
[Date "2019.01.28"]
[Round "3.9"]
[White "Havik, Victor"]
[Black "Pinho, Paulo"]
[Result "0-1"]
[WhiteElo "2088"]
[BlackElo "2205"]
[PlyCount "44"]
[EventDate "2019.01.26"]
[EventType "swiss"]
[EventRounds "5"]
[EventCountry "GGB"]

1. d4 Nf6 2. c4 g6 3. Nc3 Bg7 4. e4 d6 5. Nf3 O-O 6. Be2 e5 7. O-O Nc6 8. d5
Ne7 9. b4 Nh5 10. Re1 f5 11. Ng5 a5 12. Ba3 Nf4 13. Bf3 h6 14. Ne6 Bxe6 15.
dxe6 axb4 16. Bxb4 c5 17. exf5 cxb4 18. Nd5 Nfxd5 19. Bxd5 gxf5 20. Rb1 Qa5 21.
Re3 Qc5 22. Qd2 Ra5 0-1

[Event "Gibraltar Challengers B"]
[Site "Gibraltar"]
[Date "2019.01.28"]
[Round "3.10"]
[White "Rodriguez Perez, Angel Mariano"]
[Black "Sidali, Elias Hulleberg"]
[Result "1-0"]
[WhiteElo "2204"]
[BlackElo "1783"]
[PlyCount "101"]
[EventDate "2019.01.26"]
[EventType "swiss"]
[EventRounds "5"]
[EventCountry "GGB"]

1. e4 e6 2. d4 d5 3. Bd3 dxe4 4. Bxe4 Nf6 5. Bf3 Be7 6. Ne2 O-O 7. O-O Nbd7 8.
Nd2 c6 9. Nc4 Nb6 10. Nxb6 axb6 11. c3 b5 12. Nf4 Bd6 13. Nd3 Qc7 14. g3 Nd7
15. Be3 e5 16. a4 Rxa4 17. Rxa4 bxa4 18. Qxa4 b5 19. Qc2 Bb7 20. Nc5 exd4 21.
cxd4 Nxc5 22. dxc5 Be5 23. b4 Qc8 24. Rd1 Rd8 25. Re1 Re8 26. Qd3 Rd8 27. Qe4
Qe6 28. Bg4 Qe8 29. Bf4 f6 30. Bxe5 Qxe5 31. Qxe5 fxe5 32. Rxe5 Kf7 33. Bf3 Rd4
34. Re4 Rxe4 35. Bxe4 h6 36. f4 g5 37. Kf2 Kf6 38. Ke3 Ba8 39. g4 Bb7 40. Bf5
Ba6 41. Kf3 Bb7 42. Kg3 Ba6 43. h4 gxh4+ 44. Kxh4 Bb7 45. Kh5 Kg7 46. g5 hxg5
47. fxg5 Ba6 48. Kg4 Kf7 49. Kf4 Ke7 50. Ke5 Bb7 51. g6 1-0

[Event "Gibraltar Challengers B"]
[Site "Gibraltar"]
[Date "2019.01.28"]
[Round "3.11"]
[White "Probst, Alexander"]
[Black "Pavlov, Egor"]
[Result "0-1"]
[WhiteElo "1976"]
[BlackElo "2187"]
[PlyCount "108"]
[EventDate "2019.01.26"]
[EventType "swiss"]
[EventRounds "5"]
[EventCountry "GGB"]

1. Nf3 Nf6 2. d4 g6 3. g3 Bg7 4. Bg2 O-O 5. c4 d6 6. Nc3 Nc6 7. O-O a6 8. e4
Bg4 9. h3 Bxf3 10. Bxf3 e5 11. d5 Nd4 12. Bg2 c5 13. dxc6 bxc6 14. Be3 Nd7 15.
Qd2 Rb8 16. Ne2 c5 17. Rab1 a5 18. Nxd4 cxd4 19. Bh6 Nc5 20. Bxg7 Kxg7 21. b3
Rb4 22. f4 Qb6 23. f5 f6 24. Qd1 Rb8 25. Qf3 Rf8 26. fxg6 hxg6 27. Qd1 Qb7 28.
Qe1 Rb8 29. Qf2 Qe7 30. h4 a4 31. h5 axb3 32. axb3 Rxb3 33. Rxb3 Rxb3 34. hxg6
Kxg6 35. Qf5+ Kg7 36. Qg4+ Kf7 37. Qh5+ Kg7 38. Qg4+ Kf7 39. Rf5 Ne6 40. Rh5
Ng5 41. Qf5 Kg7 42. Qc8 Qf8 43. Qg4 Qe7 44. Qc8 Rxg3 45. Kh2 Re3 46. Qh8+ Kf7
47. Bh3 Rxh3+ 48. Rxh3 Nxh3 49. Qxh3 Qe6 50. Qh7+ Ke8 51. Qh8+ Kd7 52. Qg7+ Kc6
53. Kg3 Qxc4 54. Kg4 d3 0-1

[Event "Gibraltar Challengers B"]
[Site "Gibraltar"]
[Date "2019.01.28"]
[Round "3.13"]
[White "Maisuradze, Nino"]
[Black "Broekman, Willem"]
[Result "1/2-1/2"]
[WhiteElo "2215"]
[BlackElo "2071"]
[PlyCount "169"]
[EventDate "2019.01.26"]
[EventType "swiss"]
[EventRounds "5"]
[EventCountry "GGB"]

1. d4 e6 2. c4 f5 3. Nc3 Nf6 4. e3 b6 5. Bd3 Bb7 6. f3 Bb4 7. Nge2 O-O 8. Qc2
c5 9. Bd2 Nc6 10. O-O cxd4 11. exd4 Rc8 12. a3 Bd6 13. b4 Qe8 14. Be1 Qh5 15.
Bg3 Bxg3 16. hxg3 Qg5 17. Qc1 Qh5 18. Qe3 Qe8 19. Nb5 Qe7 20. d5 exd5 21. Qxe7
Nxe7 22. Nxa7 Ra8 23. Nb5 dxc4 24. Bxc4+ Bd5 25. Bxd5+ Nfxd5 26. Rfd1 g6 27.
Nf4 Nxf4 28. gxf4 Rfd8 29. Nd6 Ra7 30. Rd3 Kf8 31. Rad1 Rc7 32. Nb5 Rb7 33. Nd6
Rc7 34. R1d2 Ng8 35. Nb5 Rb7 36. Rd6 Ne7 37. Nd4 Ra8 38. Nb5 Rd8 39. Kf2 Nc8
40. R6d3 Ne7 41. Nd6 Rc7 42. g4 fxg4 43. fxg4 Ng8 44. Kf3 Nf6 45. Nb5 Rb7 46.
g5 Ng8 47. Rd6 Ne7 48. Rf6+ Kg8 49. Nd6 Ra7 50. Rd3 Rf8 51. Ne4 Rfa8 52. Rxb6
Rxa3 53. Nf6+ Kf7 54. Rbd6 Rxd3+ 55. Rxd3 h5 56. Rxd7 Ke6 57. Rb7 Nd5 58. Nxd5
Kxd5 59. Rb5+ Kc4 60. Rb6 Kd5 61. Rxg6 Ra3+ 62. Kg2 Rb3 63. Rh6 Ke4 64. Rxh5
Kxf4 65. g6 Rg3+ 66. Kf2 Rxg6 67. Ke2 Ke4 68. Kd2 Kd4 69. Rh4+ Kd5 70. Kc2 Rg3
71. Kb2 Kc6 72. Rh5 Kb6 73. Rc5 Rh3 74. Rc8 Kb7 75. Rc3 Rxc3 76. Kxc3 Kb6 77.
Kc4 Kc6 78. b5+ Kb6 79. Kb4 Kb7 80. Kc5 Kc7 81. b6+ Kb7 82. Kb5 Kb8 83. Kc6 Kc8
84. b7+ Kb8 85. Kb6 1/2-1/2

[Event "Gibraltar Challengers B"]
[Site "Gibraltar"]
[Date "2019.01.28"]
[Round "3.14"]
[White "Kukic, Boris"]
[Black "Dolzhikova, Olga"]
[Result "1/2-1/2"]
[WhiteElo "2035"]
[BlackElo "2224"]
[PlyCount "50"]
[EventDate "2019.01.26"]
[EventType "swiss"]
[EventRounds "5"]
[EventCountry "GGB"]

1. d4 e6 2. Nf3 b6 3. Bf4 Bb7 4. Nbd2 f5 5. e3 Nf6 6. h3 Be7 7. c3 O-O 8. Bd3
Ne4 9. Bxe4 fxe4 10. Nh2 Bd6 11. Bxd6 cxd6 12. Qg4 d5 13. O-O Nc6 14. f4 exf3
15. Rxf3 Qe7 16. Raf1 Ba6 17. R1f2 Rxf3 18. Ndxf3 Bd3 19. Qg3 Bb1 20. Ng4 Rf8
21. Qc7 Qd8 22. Qd6 Qe7 23. Qc7 Qd8 24. Qd6 Qe7 25. Qc7 Qd8 1/2-1/2

[Event "Gibraltar Challengers B"]
[Site "Gibraltar"]
[Date "2019.01.28"]
[Round "3.15"]
[White "Hamer, Martyn"]
[Black "Lucas Vega, Ivan"]
[Result "1/2-1/2"]
[WhiteElo "2046"]
[BlackElo "2203"]
[PlyCount "57"]
[EventDate "2019.01.26"]
[EventType "swiss"]
[EventRounds "5"]
[EventCountry "GGB"]

1. Nf3 f5 2. g3 Nf6 3. Bg2 d5 4. d4 e6 5. O-O Bd6 6. c4 c6 7. b3 Qe7 8. Bb2 O-O
9. Nc3 Nbd7 10. Ne1 Ne4 11. Nd3 Ndf6 12. f3 Nxc3 13. Bxc3 Bd7 14. Qd2 Be8 15.
Rae1 Bh5 16. Nf4 Bf7 17. e4 fxe4 18. fxe4 Nxe4 19. Bxe4 dxe4 20. Rxe4 Qd7 21.
Qe2 Rae8 22. Re1 Re7 23. Qg4 Bxf4 24. Rxf4 Qd6 25. Rfe4 Rfe8 26. Re5 Bg6 27.
Qe2 Bf5 28. g4 Bg6 29. Qe3 1/2-1/2

[Event "Gibraltar Challengers B"]
[Site "Gibraltar"]
[Date "2019.01.28"]
[Round "3.16"]
[White "Nikolaidis, Konstantinos"]
[Black "Cramling Bellon, Anna"]
[Result "1/2-1/2"]
[WhiteElo "2167"]
[BlackElo "2025"]
[PlyCount "86"]
[EventDate "2019.01.26"]
[EventType "swiss"]
[EventRounds "5"]
[EventCountry "GGB"]

1. e4 c5 2. Nf3 e6 3. d4 cxd4 4. Nxd4 Nf6 5. Nc3 Nc6 6. Ndb5 d6 7. Bf4 e5 8.
Bg5 a6 9. Na3 b5 10. Bxf6 gxf6 11. Nd5 f5 12. c3 Bg7 13. exf5 Bxf5 14. Nc2 Be6
15. g3 O-O 16. Bg2 Rc8 17. O-O f5 18. a4 e4 19. axb5 axb5 20. Ra6 Kh8 21. f4
Nb8 22. Ra3 Nd7 23. Nce3 Nc5 24. Qe2 Nd3 25. g4 Bxd5 26. Nxd5 b4 27. cxb4 Nxb4
28. Nxb4 Qb6+ 29. Kh1 Qxb4 30. gxf5 d5 31. Ra7 Qxb2 32. Qxb2 Bxb2 33. Ra5 Rcd8
34. Rd1 e3 35. Raxd5 Rxd5 36. Bxd5 Rxf5 37. Bf3 Rxf4 38. Kg2 Bc3 39. Rd8+ Kg7
40. Rd7+ Kh6 41. Rd6+ Kg5 42. Rd5+ Kh6 43. Kh1 Rf8 1/2-1/2